000 00196 a2200097 4500
020 _a9780735821040
041 _aspa
100 _aChisato Tashiro
245 _aLos clores del camaleon
942 _cBK
999 _c11442
_d11442